Top 50 Favorite Countries - Statistics

General Stats
  • This quiz has been taken 40 times
  • The average score is 29 of 50
Answer Stats
# Country % Correct
23 Japan
79%
36 China
76%
11 Canada
72%
1 Georgia
72%
2 Russia
72%
8 Finland
69%
49 Germany
69%
48 Italy
69%
33 Pakistan
69%
39 Sweden
69%
12 Belarus
66%
43 Denmark
66%
50 Egypt
66%
42 India
66%
9 Norway
66%
34 Poland
66%
25 South Korea
66%
15 Vietnam
66%
45 Cambodia
62%
35 Cuba
62%
38 Greece
62%
37 Indonesia
62%
41 Iran
62%
5 Kazakhstan
62%
17 Uzbekistan
62%
30 Algeria
59%
31 Iraq
59%
22 Laos
59%
16 Mongolia
59%
32 Syria
59%
46 Thailand
59%
44 Turkey
59%
18 Turkmenistan
59%
21 Albania
55%
6 Nepal
55%
28 Serbia
55%
47 Myanmar
52%
40 Hungary
48%
20 Jordan
48%
26 Libya
48%
3 South Sudan
48%
10 Yemen
48%
7 Namibia
45%
4 Somalia
45%
19 Mozambique
41%
14 Angola
38%
27 Mauritania
38%
29 CAR
34%
24 Nauru
31%
13 DRC
21%
No matching quizzes found
Score Distribution
Percent of People with Each Score
Percentile by Number Answered
Your Score History
You have not taken this quiz